| 000 | 00588nam a22001817a 4500 | ||
|---|---|---|---|
| 999 |
_c524817 _d524817 |
||
| 003 | NUST | ||
| 005 | 20190626072043.0 | ||
| 008 | 190626b ||||| |||| 00| 0 eng d | ||
| 038 | _aMr. Zahoor | ||
| 082 | _a005.1 | ||
| 100 |
_aUsman Ghani Arain _915609 |
||
| 245 |
_aWork flow Automation Framework for Optimizing Academic Performance through ABET's Guidelines/ _cUsman Ghani Arain |
||
| 260 |
_aIslamabad : _bCEME NUST, _c2012. |
||
| 300 |
_aiv, 74p. : ill. ; _c30cm |
||
| 500 | _aHardcover | ||
| 600 |
_2Software Engineering - Ms Thesis _aUsman Ghani Arain _915609 |
||
| 942 |
_2ddc _cTHE |
||